000 00764nam a22002537a 4500
001 5824
003 FISKH
005 20250123121510.0
008 250123b cb ||||| |||| 00| 0 eng d
020 _a0333414632
040 _aFISKH
_beng
_cFISKH
_dFISKH
050 _aDU408.H68
082 _a993
100 _aHoughton, Graham
245 _aNew Zealand /
_cBy Graham Houghton & Julia Wakefield
250 _aFirst published 1986
260 _aMelbourne :
_bThe Macmilan Company ,
_c1986.
300 _a29 pages :
_bcolor illustrations ;
_c26 cm .
520 _aThis book is about the history and geography of New Zealand.
650 _aNew Zealand
_xJuvenile literature
700 _aWAkefield, Julia
_eauthor
942 _2ddc
_cBK
_n0
999 _c5824
_d5824